000 00416pab a2200157 454500
008 180718b2003 xxu||||| |||| 00| 0 eng d
100 _aPerry, Ronald W.
245 _aPreparedness for emergency response: guidelines for the emergency planning process
260 _c2003
300 _ap.336-50.
362 _aDec
650 _aDisasters
700 _aLindell, Michael K.
773 _aDisasters
909 _a59303
999 _c59303
_d59303